Pracovný zošit zo slovenského jazyka pre 6. ročník základnej školy a 1. ročník gymnázia s osemročným štúdiom s vyučovacím jazykom maďarským

Bibliographic Details
Main Authors: Döményová, Andrea (Author), Pappová, Silvia, 1966- (Author), Szetyinszká, Veronika (Author), Vargová, Zuzana (Author), Alabánová, Mária, 1952- (Author)
Other Authors: Žitňanová, Tatiana, 1956- (Illustrator)
Format: Book
Language:Slovak
Hungarian
PhysicalDescription:87 strán ilustrácie, tabuľky 30 cm 2 voľné prílohy (2 x 16 strán)
Published: Bratislava Slovenské pedagogické nakladateľstvo 2020
ISBN:9788010038329
Edition:Šieste vydanie
Subjects:

MARC

LEADER 00000cam a2200000 4500
001 vtls012057569
003 SK-MaSNL
005 20260302020205.0
008 230501s2020 xo a crp 000 0 slo
015 |a SNBA2021/07 
020 |a 9788010038329  |q (brožované) 
035 |a urn:nbn:sk:snk-am00ibqg 
035 |a 8210FD2E-8C4D-44E2-8E5E-8B17FE2D9976 
035 |a urn:nbn:sk:snk-am00ibr7 
035 |a D3C7DAEA-EAF6-4F70-BDEF-CBA953AECFC7 
040 |a SNK  |b slo  |c SNK  |e rda 
041 0 |a slo  |a hun 
044 |a xo  |c SK 
072 7 |a 811.162.4  |x Slovenčina  |2 konspekt 
072 7 |a 37.016  |x Učebné osnovy. Vyučovacie predmety. Učebnice  |2 konspekt 
080 |a 811.162.4  |2 2011 
080 |a (075.2)  |2 2011 
080 |a (076.1)  |2 2011 
080 |a (075.3)  |2 2011 
100 1 |a Döményová, Andrea  |4 aut  |9 240281 
245 1 0 |a Pracovný zošit zo slovenského jazyka  |b pre 6. ročník základnej školy a 1. ročník gymnázia s osemročným štúdiom s vyučovacím jazykom maďarským  |c Andrea Döményová, Silvia Pappová, Veronika Szetyinszká, Zuzana Vargová, Mária Alabánová ; illustations Táňa Žitňanová 
246 3 3 |a Pracovný zošit zo slovenského jazyka 6 
250 |a Šieste vydanie 
264 1 |a Bratislava  |b Slovenské pedagogické nakladateľstvo  |c 2020 
300 |a 87 strán  |b ilustrácie, tabuľky  |c 30 cm  |e 2 voľné prílohy (2 x 16 strán) 
336 |a text  |b txt  |2 rdacontent 
337 |a bez média  |b n  |2 rdamedia 
338 |a zväzok  |b nc  |2 rdacarrier 
500 |a Obsahuje dve voľné prílohy 
521 2 |a Pre 6. ročník základnej školy a 1. ročník gymnázia s osemročným štúdiom s vyučovacím jazykom maďarským 
546 |a Príloha čiastočne v maďarčine 
650 0 7 |a slovenčina  |2 SNKPH  |9 1350 
650 0 7 |a Slovak language  |2 SNKPHeng  |9 266031 
655 7 |a učebnice základných škôl  |2 SNKPH  |9 70187 
655 7 |a učebnice stredných škôl  |2 SNKPH  |9 69323 
655 7 |a pracovné zošity  |2 SNKPH  |9 70188 
655 7 |a Textbooks (elementary)  |2 SNKPHeng  |9 276977 
655 7 |a Textbooks (secondary)  |2 SNKPHeng  |9 276359 
655 7 |a Activity books  |2 SNKPHeng  |9 302885 
700 1 |a Pappová, Silvia,  |d 1966-  |4 aut  |9 326385 
700 1 |a Szetyinszká, Veronika  |4 aut  |9 326386 
700 1 |a Vargová, Zuzana  |4 aut  |9 8063 
700 1 |a Alabánová, Mária,  |d 1952-  |4 aut  |9 39662 
700 1 |a Žitňanová, Tatiana,  |d 1956-  |4 ill  |9 86022 
710 2 |a Slovenské pedagogické nakladateľstvo - Mladé letá  |4 pbl  |9 211357 
852 |a Slovenská národná knižnica 
919 |a 978-80-10-03832-9 
954 |a odborná, vedecká literatúra pôvodná (slovenská)  |2 lita 
958 |a HU 
958 |a UC 
999 |c 1024142  |d 1026072 
952 |a SNK  |b SNK  |y PREZ  |7 0  |p 17A1454808  |o snkSB 96738  |i snk2021/6584  |8 0  |3 Dokument obsahuje 2 voľné prílohy   |0 0  |1 0  |4 0  |d 2021-06-08  |f 1  |l 0  |r 2025-05-19 00:00:00  |w 2026-02-24 
952 |a SNK  |b SNK  |y PREZ  |7 0  |p 17A1454809  |o snkSB 96738/príl.1  |i snk2021/6584  |8 0  |z Príl.: I. Už to viem!  |0 0  |1 0  |4 0  |d 2021-06-08  |f 1  |l 0  |r 2025-05-19 00:00:00  |w 2026-02-24 
952 |a SNK  |b SNK  |y PREZ  |7 0  |p 17A1454810  |o snkSB 96738/príl.2  |i snk2021/6584  |8 0  |z Príl: Vybrané slová  |0 0  |1 0  |4 0  |d 2021-06-08  |f 1  |l 0  |r 2025-05-19 00:00:00  |w 2026-02-24 
952 |a SNK  |b SNK  |y VYP  |7 0  |p 17A1454811  |o snkSB 96738 D1  |i snk2021/6587  |8 0  |3 Dokument obsahuje 2 voľné prílohy   |0 0  |1 0  |4 0  |d 2021-06-08  |l 0  |r 2026-02-24 13:34:03  |w 2026-02-24 
952 |a SNK  |b SNK  |y VYP  |7 0  |p 17A1454812  |o snkSB 96738/príl.1 D1  |i snk2021/6587  |8 0  |z Príl.: I. Už to viem!  |0 0  |1 0  |4 0  |d 2021-06-08  |l 0  |r 2026-02-24 13:34:03  |w 2026-02-24 
952 |a SNK  |b SNK  |y VYP  |7 0  |p 17A1454813  |o snkSB 96738/príl.2 D1  |i snk2021/6587  |8 0  |z Príl.: Vybrané slová  |0 0  |1 0  |4 0  |d 2021-06-08  |l 0  |r 2026-02-24 13:34:03  |w 2026-02-24